000 00799nam a2200241 i 4500
001 130245
003 ES-MaACL
005 20250903063106.0
007 t|
008 070724e1947 ag |r 00110|spa
040 _cES-MaACL
080 _a659.1:351.824.5
080 _a351.824.5:659.1
100 1 _aZavala Rodríguez, Carlos Juan,
_9117791
_d1906-1988
245 1 0 _aPublicidad comercial :
_bsu régimen legal /
_cCarlos Juan Zavala Rodríguez
260 _aBuenos Aires :
_bDepalma,
_c1947
_f(Tall. Gráf. Cía. Impresora Argentina)
300 _aXXXV, 681 páginas :
_b24 cm
650 7 _aDerecho de la publicidad
_9172582
_2embne
852 4 _aES-MaACL
_bR.25476
_cSPAL
_jC-5304
942 _2udc
_cMONOGRAFIA
_n0
999 _c130245
_d130245